000 00546nam a2200181Ia 4500
005 20250423100243.0
008 250422s9999 xx 000 0 und d
020 _a9780815341116
050 _aQH 581.2 M64/
100 _aBruce Alberts... [et al.]
245 0 _aMolecular biology of the cell
250 _a5th ed.
260 _aNew York
260 _bGarland Science
260 _c2008
650 _aCytology. Molecular biology. Cells Cell Communication Cell Membrane Stem Cells DNA Amino Acids Neoplasms Molecular Biology
942 _cBK
999 _c32743
_d32743